Riconosci gli Stati dal satellite - Quiz n°12 - Statistics

Statistiche generali
  • Questo quiz è stato fatto 3 volte
  • Il punteggio medio è 8 su 10
Statistiche sulle risposte
con Immagini Risposta % Corretto
Argentina
100%
Brasile
100%
Francia
100%
Germania
100%
Libia
100%
Maldive
100%
Uganda
100%
Gibuti
67%
Singapore
67%
São Tomé e Príncipe
0%
Nessun quiz corrispondente trovato
Distribuzione punteggi
Percentuale di utenti per punteggio
Percentile per numero di risposta
I tuoi punteggi nel tempo
Non hai fatto questo quiz